Nimeä jokaisen NHL joukkueen 5 parasta pistemiestä - Statistics

Yleistilastot
  • Tätä visaa on pelattu 170 kertaa
  • Keskiarvotulos 55 / 160
Vastaustilastot
Hint Vastaus % Oikein
COL 105p Mikko Rantanen
87%
CAR 67p Sebastian Aho
86%
EDM 153p Connor McDavid
85%
FLA 78p Aleksander Barkov
84%
PIT 93p Sidney Crosby
82%
COL 111p Nathan MacKinnon
80%
DAL 75p Roope Hintz
78%
TOR 85p Auston Matthews
75%
DAL 73p Miro Heiskanen
75%
COL 66p Cale Makar
74%
CBJ 52p Patrik Laine
74%
PIT 83p Evgeni Malkin
72%
WSH 75p Alexander Ovechkin
70%
SJS 101p Erik Karlsson
70%
TBL 113p Nikita Kucherov
69%
NJD 99p Jack Hughes
68%
EDM 128p Leon Draisaitl
68%
VAN 76p Quinn Hughes
68%
TBL 84p Steven Stamkos
68%
LAK 74p Anze Kopitar
67%
DAL 109p Jason Robertson
67%
CHI 45p Patrick Kane
66%
BUF 94p Tage Thompson
66%
NYR 92p Artemi Panarin
62%
OTT 83p Brady Tkachuk
62%
VAN 102p Elias Pettersson
62%
FLA 109p Matthew Tkachuk
62%
TOR 99p Mitch Marner
62%
BOS 113p David Pastrnak
60%
DAL 78p Jamie Benn
60%
MIN 75p Kirill Kaprizov
60%
TBL 95p Brayden Point
59%
NSH 36p Mikael Granlund
59%
BUF 73p Rasmus Dahlin
59%
TOR 87p William Nylander
57%
COL 51p Artturi Lehkonen
56%
MIN 38p Frederick Gaudreau
56%
VGK 66p Jack Eichel
56%
CBJ 74p Johnny Gaudreau
56%
BOS 67p Brad Marchand
55%
NSH 59p Roman Josi
55%
EDM 104p Ryan Nugent-Hopkins
54%
NYR 91p Mika Zibanejad
53%
WPG 80p Kyle Connor
50%
MTL 66p Nick Suzuki
50%
BOS 58p Patrice Bergeron
50%
DET 79p Dylan Larkin
49%
NYI 51p Mathew Barzal
49%
FLA 67p Sam Reinhart
49%
CGY 55p Jonathan Huberdeau
47%
NSH 42p Filip Forsberg
46%
MIN 61p Joel Eriksson Ek
46%
TOR 80p John Tavares
46%
ANA 65p Trevor Zegras
46%
EDM 83p Zach Hyman
46%
NYR 72p Adam Fox
44%
OTT 90p Tim Stützle
44%
CAR 61p Brent Burns
43%
CAR 55p Andrei Svechnikov
42%
WPG 55p Blake Wheeler
42%
ARI 86p Clayton Keller
42%
DAL 77p Joe Pavelski
42%
VAN 82p J.T. Miller
42%
WPG 68p Mark Scheifele
42%
ARI 49p Matias Maccelli
42%
PIT 73p Jake Guentzel
41%
OTT 79p Claude Giroux
39%
LAK 67p Adrian Kempe
38%
CAR 71p Martin Necas
38%
BUF 82p Jeff Skinner
37%
BUF 79p Alex Tuch
34%
WPG 76p Josh Morrissey
34%
NJD 80p Nico Hischier
34%
NYR 54p Chris Kreider
33%
MTL 36p Cole Caufield
31%
LAK 72p Kevin Fiala
31%
NYI 50p Anders Lee
30%
CGY 64p Elias Lindholm
30%
DET 45p Lucas Raymond
30%
OTT 66p Alex DeBrincat
29%
FLA 73p Carter Verhaeghe
29%
MIN 67p Mats Zuccarello
29%
CGY 56p Nazem Kadri
29%
EDM 43p Darnell Nurse
27%
NJD 73p Jesper Bratt
27%
VGK 57p Jonathan Marchessault
27%
SEA 63p Jordan Eberle
27%
SJS 63p Thomas Hertl
26%
SJS 52p Timo Meier
26%
WSH 55p Evgeny Kuznetsov
25%
STL 65p Robert Thomas
25%
CBJ 45p Boone Jenner
24%
NSH 56p Matt Duchene
24%
VAN 55p Brock Boeser
23%
NJD 74p Dougie Hamilton
23%
WSH 65p Dylan Strome
23%
CAR 43p Jesperi Kotkaniemi
23%
PIT 60p Rickard Rakell
23%
CHI 37p Seth Jones
23%
NYI 75p Brock Nelson
22%
SEA 70p Jared McCann
22%
SJS 67p Logan Couture
22%
PHI 61p Travis Konecny
22%
ANA 61p Troy Terry
22%
VGK 54p Alex Pietrangelo
21%
MIN 63p Matthew Boldy
21%
TBL 64p Brandon Hagel
20%
STL 73p Jordan Kyrou
18%
SEA 64p Vince Dunn
18%
BOS 56p David Krejci
16%
BUF 68p Dylan Cozens
16%
WPG 63p Pierre-Luc Dubois
15%
FLA 73p Brandon Montour
14%
OTT 63p Drake Batherson
14%
CBJ 40p Kent Johnson
14%
SEA 57p Matthew Beniers
14%
CGY 73p Tyler Toffoli
14%
NYR 64p Vincent Trocheck
14%
ANA 48p Cam Fowler
13%
CGY 56p Mikael Backlund
13%
STL 65p Brayden Schenn
12%
BOS 57p Pavel Zacha
12%
LAK 59p Viktor Arvidsson
12%
CHI 49p Max Domi
11%
ARI 58p Nick Schmaltz
11%
NYI 49p Noah Dobson
11%
LAK 54p Phillip Danault
11%
VGK 56p Reilly Smith
11%
TBL 64p Alex Killorn
10%
VAN 74p Andrei Kuzmenko
10%
PHI 54p Kevin Hayes
10%
ANA 43p Mason McTavish
10%
SEA 48p Yanni Gourde
10%
VGK 65p Chandler Stephenson
9%
PIT 48p Jason Zucker
9%
STL 67p Pavel Buchnevich
9%
CBJ 44p Jack Roslovic
8%
COL 52p J.T. Compher
8%
MTL 38p Kirby Dach
8%
ARI 43p Barrett Hayton
7%
DET 56p David Perron
7%
PHi 49p Owen Tippett
7%
DET 45p Dominik Kubalik
6%
ANA 41p Frank Vatrano
6%
STL 50p Justin Faulk
6%
ARI 45p Lawson Crouse
6%
TOR 49p Michael Bunting
6%
MTL 34p Michael Matheson
6%
NJD 56p Dawson Mercer
5%
NYI 40p Jean-Gabriel Pageau
5%
CHI 40p Andreas Athanasiou
4%
MTL 34p Mike Hoffman
4%
NSH 43p Thomas Novak
4%
WSH 37p Conor Sheary
3%
PHI 46p Morgan Frost
3%
SJS 47p Aleksander Barabanov
2%
DET 45p Andrew Copp
2%
WSH 38p Erik Gustafsson
2%
PHI 43p Scott Laughton
2%
CHI 37p Taylor Raddysh
1%
Ehtoja vastaavia visoja ei löytynyt
Tulosjakauma
Jokaisen tuloksen saaneiden osuus
Persentiili vastausten määrän mukaan
Tuloshistoriasi
Et ole pelannut tätä visaa